| 000 | 01995nam a2200541 i 4500 | ||
|---|---|---|---|
| 001 | 32870 | ||
| 003 | KOSZ 005 | ||
| 005 | 20240405063059.0 | ||
| 008 | 970510s1993 pl |000 0 pol | ||
| 015 | _aUWD 1994/2976 | ||
| 020 | _a8386077050 | ||
| 035 | _a991000438249705066 | ||
| 035 | _a(PL-WaBN)b10160140-48omnis_nlop | ||
| 035 | _ab10160140 | ||
| 035 | _a(OCoLC)833973272 | ||
| 035 | _a(PL)b0000001016014 | ||
| 035 | _a(EXLNZ-48OMNIS_NETWORK)9910250924805606 | ||
| 040 |
_aWA N _cWA N _dKOSZ 005/HR |
||
| 041 | 0 |
_apol _beng |
|
| 046 | _k1993 | ||
| 080 | _a339.923(4)"1989/..." | ||
| 080 | _a338.22(4)"1989/..." | ||
| 100 | 1 |
_aLis, Stanisław _d(1940- ) _eAutor |
|
| 245 | 1 | 0 |
_aKraje europejskie wobec współczesnych procesów integracyjnych / _cStanisław Lis, Stanisław Miklaszewski. |
| 260 |
_aKraków : _b"Secesja", _c1993. |
||
| 300 |
_a144 s., [1] k. tabl. złoż. ; _c24 cm. |
||
| 336 |
_aTekst _btxt _2rdacontent |
||
| 337 |
_aBez urządzenia pośredniczącego _bn _2rdamedia |
||
| 338 |
_aWolumin _bnc _2rdacarrier |
||
| 380 | _aKsiążki | ||
| 388 | _a1901-2000 | ||
| 388 | _a1989-2000 | ||
| 490 | 1 |
_aPrace Komisji Nauk Ekonomicznych / Polska Akademia Nauk. Oddział w Krakowie, _x0079-3353 ; _vnr 17 |
|
| 504 | _aBibliogr. s. 140-141. - Summ. | ||
| 610 | 2 | 7 |
_aUnia Europejska (UE) _2DBN |
| 648 | 7 | _a1901-2000 | |
| 648 | 7 | _a1989-2000 | |
| 650 | 7 |
_aIntegracja gospodarcza _2DBN |
|
| 650 | 7 | _aPolityka gospodarcza | |
| 651 | 7 |
_aEuropa Środkowo-Wschodnia _2DBN |
|
| 658 | _aGospodarka, ekonomia, finanse | ||
| 658 | _aPolityka, politologia, administracja publiczna | ||
| 700 | 1 |
_aMiklaszewski, Stanisław _d(1947-2011) _eAutor |
|
| 830 | 0 |
_aPrace Komisji Nauk Ekonomicznych - Polska Akademia Nauk. Oddział w Krakowie _vnr 17 |
|
| 856 |
_uhttp://koha.tu.koszalin.pl/cgi-bin/koha/opac-detail.pl?biblionumber=32870 _yKatalog online BPK |
||
| 942 |
_2UKD _cKS |
||
| 999 |
_c32870 _d32870 |
||